Statistics for Los Angeles Lakers Nicknames

Click here to take the quiz!

General Stats

  • This quiz has been taken 1,315 times
    (893 since last reset)
  • The average score is 10 of 13

Answer Stats

NicknameTenurePlayer% Correct
Black Mamba1996–2016Kobe Bryant
100%
Magic1979–1996Earvin Johnson
98%
The Logo1960–1974Jerry West
97%
King James2018–LeBron James
97%
The Brow2019–Anthony Davis
94%
The Big Aristotle1996–2004Shaquille O'Neal
84%
Big Game James1982–1994James Worthy
75%
The Brodie2021–Russell Westbrook
74%
Swaggy P2013–2017Nick Young
67%
The Big Dipper1968–1973Wilt Chamberlain
67%
Big Shot Bob1996–2003Robert Horry
55%
Mr. Basketball1948–1959George Mikan
54%
Nick the Quick1993–1998Nick Van Exel
40%

Score Distribution

Percentile by Number Answered

Percent of People with Each Score

Your Score History

You have not taken this quiz since the last reset